000
00341 a2200157 4500
001
57641
020
_a
9788502074972
040
_c
Anchieta - Pituba
100
_a
Vilela, Luiz
240
1
0
_a
Sofia e outros contos
_l
por
245
1
0
_a
Sofia e outros contos
300
_a
63
362
0
_a
2009
650
4
_a
Literatura juvenil
942
_c
BK
999
_c
57641
_d
57641